DC Movie Characters - Picture Clues - Statistics

General Stats
  • This quiz has been taken 85 times
  • The average score is 11 of 24
Answer Stats
Picture Answer % Correct
Robin
81%
Joker
80%
Catwoman
78%
Penguin
77%
Poison Ivy
66%
Scarecrow
65%
Cheetah
62%
Killer Croc
62%
Green Lantern
55%
Captain Boomerang
51%
Shazam
47%
Batman
46%
Two-Face
45%
King Shark/Nanaue
43%
Aquaman
42%
Black Manta
42%
Flash
36%
Rorschach
22%
Mr. Freeze
20%
Harley Quinn
19%
Wonder Woman
18%
Lex Luthor
15%
Nite Owl
11%
Steppenwolf
9%
No matching quizzes found
Score Distribution
Percent of People with Each Score
Percentile by Number Answered
Your Score History
You have not taken this quiz